Statistiques concernant Quiz Mystère #2

Cliquez ici pour prendre le quiz!

Statistiques générales

  • Ce quiz a été pris 101 fois
  • Le résultat moyen est 8 sur 26

Statistiques - réponses

QuestionRéponse% Correct
Play en anglaisJoue
97%
Tu les veux bons au lotoNuméros
92%
Article défini plurielLes
87%
Adverbe anagramme de caveAvec
74%
Gironde, Max Verstappen, Brad Binder, Indicatif téléphonique de France33
57%
Nombre de départements français101
45%
Marque de bière remontant a plusieurs siècles1664
39%
Groupe de musique fondé en 2008 avec Nekfeu et Sneazzy1995
38%
L'âge con13
37%
Racine carrée de 409664
36%
Il est diabolique666
36%
Nombre de numéros d'un carton de loto15
25%
Numéro maximum d'un carton de loto90
21%
Carré de 409616777216
14%
Date de naissance du Coca-Cola1886
14%
Département du Mans72
14%
Bataille de Hastings1066
12%
La Mayotte976
12%
Ancien département breton44
9%
Nom de la prise de finition du catcheur Rey Mysterio619
9%
Numéro de Francesco Bagnaïa (hormis le 1) depuis ses débuts en moto3 jusqu'au Moto GP21 / 42 / 63
8%
Marque de bière née juste après la seconde guerre mondiale1947
3%
Code INSEE de la commune de Plouha dans les Côtes d'Armor22222
2%
Ville du nord de l'Italie30
2%
Le 101eme nombre premiers547
0%
Marque de chaussures allemandes et d'habillement692
0%

Distribution des résultats

Percentile par nombre de réponses

% des personnes avec chaque résultat

Votre développement - résultats

Vous n’avez pas pris ce quiz